Central Library OPAC University of Rajshahi

Morphogenesis of the vertebrates / (Record no. 15541)

MARC details
000 -LEADER
fixed length control field 00810nam a2200277 a 4500
001 - CONTROL NUMBER
control field 15541
003 - CONTROL NUMBER IDENTIFIER
rucl marc code BD-RJUL
005 - DATE AND TIME OF LATEST TRANSACTION
control field 20211208235834.0
008 - FIXED-LENGTH DATA ELEMENTS--GENERAL INFORMATION
fixed length control field 161004s1967 nyua b 000 0 eng
035 ## - SYSTEM CONTROL NUMBER
System control number BD-RJUL 15596
System control number (OCoLC)00558104
System control number GLIS00168295
040 ## - CATALOGING SOURCE
Original cataloging agency DLC
Transcribing agency WSU
Modifying agency OCL
-- KKP
-- SER
-- MYG
Language of cataloging eng
041 ## - LANGUAGE CODE
Language code of text/sound track or separate title eng
082 ## - DEWEY DECIMAL CLASSIFICATION NUMBER
Edition number 23
Classification number 596
Author mark and year TOM 1967
090 ## - LOCALLY ASSIGNED LC-TYPE CALL NUMBER (OCLC); LOCAL CALL NUMBER (OCLC)
Classification number (OCLC) (R) ; Classification number, CALL (RLIN) (NR) QL955
Local cutter number (OCLC) ; Book number/undivided call number, CALL (RLIN) .T694 1967
099 ## - LOCAL FREE-TEXT CALL NUMBER (OCLC)
Bangla Class number QL955.T694 1967
100 1# - MAIN ENTRY--PERSONAL NAME
Personal name Torrey, Theodore W.
Fuller form of name (Theodore Willett),
Dates associated with a name 1907-1986.
9 (RLIN) 159217
245 10 - TITLE STATEMENT
Title Morphogenesis of the vertebrates /
Statement of responsibility, etc. [by] Theodore W. Torrey.
250 ## - EDITION STATEMENT
Edition statement 2d ed.
260 ## - PUBLICATION, DISTRIBUTION, ETC. (IMPRINT)
Place of publication, distribution, etc. New York :
Name of publisher, distributor, etc. J. Wiley
Date of publication, distribution, etc. [1967]
300 ## - PHYSICAL DESCRIPTION
Pagination ix, 448 p. :
Illustrations ill. ;
Size 27 cm.
504 ## - BIBLIOGRAPHY, ETC. NOTE
Bibliography, etc Includes bibliographies.
650 #0 - SUBJECT ADDED ENTRY--TOPICAL TERM
Topical term or geographic name as entry element Vertebrates
9 (RLIN) 159218
942 ## - ADDED ENTRY ELEMENTS (KOHA)
Source of classification or shelving scheme Dewey Decimal Classification
Koha item type Books
Holdings
Lost status Source of classification or shelving scheme Damaged status Not for loan Collection code Permanent Location Current Location Shelving location Date acquired Source of acquisition Total Checkouts Full call number Date last seen Copy number Koha item type Cost, normal purchase price
  Dewey Decimal Classification     Non-fiction Central Library, University of Rajshahi Central Library, University of Rajshahi   29/03/1968 USIS,   596 TOM 1967 04/10/2016 C-2 Books  
  Dewey Decimal Classification   Not For Loan Non-fiction Central Library, University of Rajshahi Central Library, University of Rajshahi Reading Room 28/03/1991 Canada   596 TOM 1967 29/03/2017 C-1 Books  
  Dewey Decimal Classification     Non-fiction Central Library, University of Rajshahi Central Library, University of Rajshahi   17/08/1968 Sweets & Zeitlinger   596 TOM 1967 11/06/2017 C-3 Books 98.00
  Dewey Decimal Classification     Non-fiction Central Library, University of Rajshahi Central Library, University of Rajshahi   01/08/2008 Sweets & Zeitlinger   596 TOM 1967 02/12/2018 C-4 Books 98.00